[Event "N�-LL 2005/06"]
[Site "?"]
[Date "2005.11.27"]
[Round "6"]
[White "Stanivukovic, Drago"]
[Black "Todor, Razvan"]
[Result "0-1"]
[WhiteElo "2080"]
[BlackElo "2153"]
[Annotator "Korneuburg : Wr.Neustadt"]
[PlyCount "80"]
[EventDate "2005.09.27"]
[SourceDate "2005.11.30"]

1. e4 d6 2. d4 Nf6 3. Bd3 e5 4. c3 c6 5. Ne2 Be7 6. f3 Nbd7 7. a4 a5 8. Na3 Qc7
9. Bb1 Nf8 10. O-O Ng6 11. Be3 Be6 12. c4 Qb6 13. Qc1 Qa6 14. Bd3 Rc8 15. Qd2
c5 16. d5 Bd7 17. Nb5 b6 18. Nec3 Qb7 19. g4 Rd8 20. Bg5 Bxb5 21. axb5 h5 22.
h3 Qd7 23. Qg2 Rb8 24. Rf2 Nxg4 25. fxg4 Bxg5 26. gxh5 Rxh5 27. Be2 Nh4 28. Qg3
Bf4 29. Qd3 Rg5+ 30. Bg4 Rxg4+ 31. hxg4 Qxg4+ 32. Kf1 Bg3 33. Nd1 Bxf2 34. Nxf2
Qg2+ 35. Ke2 Ng6 36. Qe3 Ke7 37. Rh1 Rh8 38. Rxh8 Nxh8 39. Kd3 Ng6 40. Nh3 Qxh3
0-1

[Event "N�-LL 2005/06"]
[Site "?"]
[Date "2005.11.27"]
[Round "6"]
[White "Posch, Werner"]
[Black "Haider, Johann"]
[Result "1-0"]
[WhiteElo "2206"]
[BlackElo "1931"]
[Annotator "Korneuburg : Wr.Neustadt"]
[PlyCount "77"]
[EventDate "2005.09.27"]
[SourceDate "2005.11.30"]

1. e4 g6 2. Nc3 Bg7 3. f4 d6 4. Bc4 c5 5. Nf3 Nc6 6. O-O e6 7. d3 Nge7 8. Qe1
O-O 9. f5 exf5 10. Qh4 h5 11. Bg5 Qc7 12. h3 Be6 13. g4 fxg4 14. Bxe6 fxe6 15.
hxg4 Nd4 16. Nxd4 Bxd4+ 17. Kg2 Nc6 18. Nb5 Qh7 19. Nxd6 Rxf1 20. Rxf1 Rf8 21.
Rxf8+ Kxf8 22. gxh5 gxh5 23. Qf4+ Kg8 24. Nc4 Qg6 25. c3 Bg7 26. Kh3 b5 27. Nd2
Be5 28. Qe3 b4 29. Nf3 bxc3 30. bxc3 Bxc3 31. Qxc5 Qf7 32. Kg2 Bf6 33. Bxf6
Qxf6 34. Qxc6 Qg6+ 35. Kf2 h4 36. Nxh4 Qf6+ 37. Nf3 Qb2+ 38. Ke3 Qxa2 39. Ng5
1-0

[Event "N�-LL 2005/06"]
[Site "?"]
[Date "2005.11.27"]
[Round "6"]
[White "Seidler, Dieter"]
[Black "Steiner, Adam"]
[Result "1/2-1/2"]
[WhiteElo "1983"]
[BlackElo "2131"]
[Annotator "Korneuburg : Wr.Neustadt"]
[PlyCount "93"]
[EventDate "2005.09.27"]
[SourceDate "2005.11.30"]

1. d4 Nf6 2. c4 e5 3. dxe5 Ng4 4. Nf3 Bc5 5. e3 Nc6 6. Be2 O-O 7. a3 a5 8. Nd4
Ngxe5 9. Nxc6 bxc6 10. Nd2 d5 11. Nb3 Be7 12. cxd5 cxd5 13. Bd2 a4 14. Nd4 Ba6
15. Bc3 Bxe2 16. Nxe2 Nc4 17. Nf4 c6 18. Nh5 f6 19. Nf4 Qd7 20. Qd4 Bd6 21. Nd3
Rfe8 22. O-O Qc7 23. Qh4 Re4 24. Qh3 Rae8 25. Rfe1 Qa7 26. Qh5 Qe7 27. Bb4 Bxb4
28. axb4 Ra8 29. b3 Ne5 30. Red1 Nxd3 31. Rxd3 Rxb4 32. Rxd5 g6 33. Qd1 Rb7 34.
Rd6 Rxb3 35. Rxc6 Rd8 36. Qc1 Rbd3 37. Qc4+ Kg7 38. g3 a3 39. Rc7 R8d7 40. Rxd7
Qxd7 41. Qb4 Rd1+ 42. Rxd1 Qxd1+ 43. Kg2 a2 44. Qe7+ Kh6 45. Qf8+ Kg5 46. Qc5+
Kh6 47. Qf8+ 1/2-1/2

[Event "N�-LL 2005/06"]
[Site "?"]
[Date "2005.11.27"]
[Round "6"]
[White "Plachetka, Jan"]
[Black "Mahdy, Khaled"]
[Result "1-0"]
[WhiteElo "2422"]
[BlackElo "2337"]
[Annotator "Waidhofen : Bad V�slau/Kottingbrunn"]
[PlyCount "121"]
[EventDate "2005.09.27"]
[SourceDate "2005.11.30"]

1. e4 e5 2. Nf3 Nc6 3. Bb5 a6 4. Ba4 d6 5. c3 Bd7 6. O-O Nge7 7. Bb3 Ng6 8. d4
Be7 9. h3 h6 10. Nbd2 Bg5 11. Nc4 Bxc1 12. Rxc1 O-O 13. Ne3 Kh8 14. Re1 Rc8 15.
Qd2 Nh4 16. Nxh4 Qxh4 17. Bd5 Qg5 18. Nf1 Qh4 19. Ng3 Rce8 20. Re3 Be6 21. Bxc6
bxc6 22. dxe5 dxe5 23. c4 Rd8 24. Qa5 Qg5 25. b3 h5 26. Rce1 Rd6 27. Nf5 Bxf5
28. Qxe5 Rg6 29. Rg3 Bg4 30. Qxg5 Rxg5 31. hxg4 Rd8 32. gxh5 Rxh5 33. Rf3 Kg8
34. Rf5 Rxf5 35. exf5 Rd2 36. Re8+ Kh7 37. Re7 f6 38. Rxc7 Rxa2 39. Rxc6 Kh6
40. Rb6 Kg5 41. Rb7 Kxf5 42. Rxg7 Rb2 43. Rg3 Ke5 44. Re3+ Kd4 45. Rf3 f5 46.
g3 Ke5 47. Kg2 a5 48. Rd3 Ke4 49. Rd5 Rxb3 50. Rxa5 f4 51. gxf4 Kxf4 52. Ra8
Rc3 53. Rc8 Ke5 54. c5 Ke6 55. c6 Ke7 56. f3 Ke6 57. Kg3 Kd6 58. Kg4 Rc1 59. f4
Rc5 60. Rg8 Rc1 61. Rg6+ 1-0

[Event "N�-LL 2005/06"]
[Site "?"]
[Date "2005.11.27"]
[Round "6"]
[White "Svanda, Pavel"]
[Black "Zojer, Thomas"]
[Result "1/2-1/2"]
[WhiteElo "2239"]
[BlackElo "2044"]
[Annotator "Waidhofen : Bad V�slau/Kottingbrunn"]
[PlyCount "52"]
[EventDate "2005.09.27"]
[SourceDate "2005.11.30"]

1. e4 c5 2. Nf3 Nc6 3. Bb5 g6 4. O-O Bg7 5. d3 a6 6. Bxc6 dxc6 7. Re1 Nf6 8.
Nc3 O-O 9. Bg5 b6 10. Qd2 Be6 11. Bh6 Ne8 12. h4 Bg4 13. Nh2 Bd7 14. h5 e5 15.
Nf3 Qe7 16. hxg6 hxg6 17. Bg5 Bf6 18. Bxf6 Nxf6 19. Qg5 Rfe8 20. Nd1 Ng4 21.
Qxe7 Rxe7 22. Ne3 Nxe3 23. Rxe3 Kg7 24. Rd1 Rd8 25. a3 Bg4 26. Rde1 Bxf3
1/2-1/2

[Event "N�-LL 2005/06"]
[Site "?"]
[Date "2005.11.27"]
[Round "6"]
[White "Zojer, Stefan"]
[Black "Fuss, Herbert"]
[Result "0-1"]
[WhiteElo "1984"]
[BlackElo "2046"]
[Annotator "Waidhofen : Bad V�slau/Kottingbrunn"]
[PlyCount "74"]
[EventDate "2005.09.27"]
[SourceDate "2005.11.30"]

1. d4 b6 2. Nf3 Bb7 3. c4 e6 4. Nc3 Nf6 5. Qc2 Bb4 6. Bg5 h6 7. Bxf6 Qxf6 8. e4
Bxc3+ 9. bxc3 Qg6 10. Nd2 O-O 11. Bd3 e5 12. f4 d6 13. O-O-O Qf6 14. fxe5 dxe5
15. Rhf1 Qe7 16. Nf3 Nc6 17. d5 Na5 18. g4 Ba6 19. Qe2 Qa3+ 20. Kb1 Qxc3 21.
Rc1 Qb4+ 22. Ka1 Qa3 23. Qc2 Rae8 24. Nh4 Bc8 25. Nf5 Bd7 26. Rce1 Bxf5 27.
exf5 f6 28. h4 Qc5 29. g5 hxg5 30. hxg5 Kf7 31. Rh1 Rh8 32. g6+ Ke7 33. Kb1 Nb7
34. Reg1 Nd6 35. Re1 a5 36. Rh7 Rxh7 37. gxh7 Qb4+ 0-1

[Event "N�-LL 2005/06"]
[Site "?"]
[Date "2005.11.27"]
[Round "6"]
[White "Kropik, Martin"]
[Black "Brehovsky, Paul"]
[Result "0-1"]
[WhiteElo "2112"]
[BlackElo "2025"]
[Annotator "Waidhofen : Bad V�slau/Kottingbrunn"]
[PlyCount "88"]
[EventDate "2005.09.27"]
[SourceDate "2005.11.30"]

1. d4 e6 2. c4 d5 3. Nc3 Nf6 4. cxd5 exd5 5. Bg5 Nbd7 6. e3 c6 7. Bd3 Be7 8.
Qc2 Nh5 9. Bxe7 Qxe7 10. Nge2 g6 11. O-O-O Ng7 12. Ng3 Nb6 13. Rhe1 Be6 14. Kb1
O-O-O 15. Na4 Nxa4 16. Qxa4 Kb8 17. Rc1 h5 18. Rc3 h4 19. Ne2 Bf5 20. Nf4 g5
21. Bxf5 Nxf5 22. Nd3 Nd6 23. Nc5 Ne4 24. Ra3 a6 25. Nxa6+ bxa6 26. Qxa6 Qb7
27. Qa5 Kc8 28. f3 Nd6 29. Rb3 Qc7 30. Qc5 Nc4 31. Rc3 Kd7 32. e4 Rhe8 33. b3
Rb8 34. a4 Qa5 35. Qxa5 Nxa5 36. Ka2 Rb4 37. Rd3 Kd6 38. Ree3 Rb7 39. Ka3 Rbe7
40. e5+ Kc7 41. g3 f6 42. f4 gxf4 43. gxf4 fxe5 44. fxe5 Rf8 0-1

[Event "N�-LL 2005/06"]
[Site "?"]
[Date "2005.11.27"]
[Round "6"]
[White "Lehner, Oliver"]
[Black "Herndlbauer, Martin"]
[Result "1-0"]
[WhiteElo "2415"]
[BlackElo "2044"]
[Annotator "St.P�lten : Baden"]
[PlyCount "73"]
[EventDate "2005.09.27"]
[SourceDate "2005.11.30"]

1. e4 c5 2. Nf3 Nc6 3. Nc3 e5 4. Bc4 Be7 5. Nd5 d6 6. d3 Bg4 7. c3 Nf6 8. h3
Bxf3 9. Qxf3 O-O 10. Ne3 b5 11. Bxb5 Nd4 12. cxd4 Qa5+ 13. Bd2 Qxb5 14. Nf5
Rfe8 15. O-O cxd4 16. Bh6 Bf8 17. Bxg7 Bxg7 18. Qg3 Nh5 19. Qg4 Re6 20. Qxh5
Qxd3 21. Qg4 Rg6 22. Ne7+ Kh8 23. Nxg6+ fxg6 24. Rac1 Qa6 25. Rc7 Qxa2 26. Rc8+
Rxc8 27. Qxc8+ Qg8 28. Qxg8+ Kxg8 29. Ra1 Kf7 30. Rxa7+ Kf6 31. Kf1 h5 32. Ke2
Bh6 33. b4 d5 34. Kd3 Bf8 35. b5 Kg5 36. exd5 Bc5 37. Rf7 1-0

[Event "N�-LL 2005/06"]
[Site "?"]
[Date "2005.11.27"]
[Round "6"]
[White "Hardt, Christian"]
[Black "Denk, Adolf"]
[Result "0-1"]
[WhiteElo "2030"]
[BlackElo "2255"]
[Annotator "St.P�lten : Baden"]
[PlyCount "88"]
[EventDate "2005.09.27"]
[SourceDate "2005.11.30"]

1. e4 d6 2. d4 g6 3. Bc4 Bg7 4. Nf3 e6 5. Bg5 Ne7 6. Nc3 h6 7. Bf4 Nd7 8. h3 b6
9. Qd2 Bb7 10. O-O-O a6 11. Rhe1 Nf6 12. a3 Qd7 13. Kb1 O-O-O 14. Qe2 b5 15.
Bd3 g5 16. Bc1 Kb8 17. Nd2 c5 18. dxc5 dxc5 19. Nb3 Qc7 20. e5 Nfd5 21. Nxd5
exd5 22. Qh5 c4 23. Qxf7 cxd3 24. Rxd3 Nc6 25. e6 Qxf7 26. exf7 Rhf8 27. f4
gxf4 28. Bxf4+ Kc8 29. Re6 Rxf7 30. Bxh6 Bxh6 31. Rxh6 Ne5 32. Rc3+ Kb8 33. Nd4
Rf4 34. Ne6 Rf1+ 35. Ka2 Rd6 36. Rh8+ Ka7 37. Nd8 Nf7 38. Nxb7 Kxb7 39. Rh7 d4
40. Rc5 Kb6 41. Rc8 Ne5 42. g4 Rg1 43. b4 Rg2 44. Rg7 d3 0-1

[Event "N�-LL 2005/06"]
[Site "?"]
[Date "2005.11.27"]
[Round "6"]
[White "R�hrl, Karl"]
[Black "Filip, Daniel"]
[Result "1/2-1/2"]
[WhiteElo "2223"]
[BlackElo "1917"]
[Annotator "St.P�lten : Baden"]
[PlyCount "53"]
[EventDate "2005.09.27"]
[SourceDate "2005.11.30"]

1. Nf3 e6 2. g3 d5 3. Bg2 Nf6 4. O-O c5 5. d3 Nc6 6. Nbd2 Be7 7. e4 O-O 8. e5
Nd7 9. Re1 b5 10. Nf1 a5 11. h4 Ba6 12. Bf4 b4 13. Ne3 a4 14. a3 Bb5 15. Rb1
Rb8 16. c4 bxc3 17. bxc3 Na5 18. c4 dxc4 19. dxc4 Bxc4 20. Rxb8 Nxb8 21. Qxa4
Ba6 22. Bg5 Bxg5 23. Nxg5 h6 24. Ne4 Qb6 25. Nd6 Nbc6 26. Nec4 Bxc4 27. Bxc6
1/2-1/2

[Event "N�-LL 2005/06"]
[Site "?"]
[Date "2005.11.27"]
[Round "6"]
[White "Neubauer, Martin"]
[Black "Rumpl, Erwin"]
[Result "1-0"]
[WhiteElo "2444"]
[BlackElo "2290"]
[Annotator "Amstetten : Ybbs"]
[PlyCount "63"]
[EventDate "2005.09.27"]
[SourceDate "2005.12.01"]

1. e4 b6 2. d4 Bb7 3. Bd3 Nf6 4. Qe2 Nc6 5. Nf3 Nb4 6. Bg5 Nxd3+ 7. cxd3 h6 8.
Bxf6 exf6 9. O-O Be7 10. Nc3 O-O 11. d5 Re8 12. Rad1 Bb4 13. Nd4 Bxc3 14. bxc3
Bxd5 15. Qh5 Be6 16. f4 d5 17. f5 Bc8 18. Rf3 c5 19. Rg3 Kf8 20. Nc2 dxe4 21.
dxe4 Qc7 22. Qg4 g5 23. Qh5 Kg7 24. Rh3 Rh8 25. Rhd3 Qf4 26. Re1 Ba6 27. Rd7
Bc4 28. Qg6+ Kf8 29. Qxf6 Kg8 30. e5 Rf8 31. e6 h5 32. Rxf7 1-0

[Event "N�-LL 2005/06"]
[Site "?"]
[Date "2005.11.27"]
[Round "6"]
[White "Wadsack, Wolfgang"]
[Black "Kreischer, Georg"]
[Result "1/2-1/2"]
[WhiteElo "2219"]
[BlackElo "2099"]
[Annotator "Amstetten : Ybbs"]
[PlyCount "41"]
[EventDate "2005.09.27"]
[SourceDate "2005.12.01"]

1. e4 e5 2. Nc3 Nf6 3. Nf3 Nc6 4. d4 exd4 5. Nxd4 Nxd4 6. Qxd4 d6 7. Be2 Be7 8.
O-O O-O 9. b3 Nd7 10. Nd5 Bf6 11. Nxf6+ Qxf6 12. Bb2 Qxd4 13. Bxd4 Re8 14. f3
Ne5 15. Rfe1 Bd7 16. Rad1 Bc6 17. a4 a6 18. Kf2 Re7 19. h3 Rf8 20. Bc3 Rfe8 21.
Bxe5 1/2-1/2

[Event "N�-LL 2005/06"]
[Site "?"]
[Date "2005.11.27"]
[Round "6"]
[White "Posch, Roland"]
[Black "Gugler, Edgar"]
[Result "1/2-1/2"]
[WhiteElo "2066"]
[BlackElo "2166"]
[Annotator "Amstetten : Ybbs"]
[PlyCount "66"]
[EventDate "2005.09.27"]
[SourceDate "2005.12.01"]

1. e4 c6 2. Nf3 d5 3. Nc3 dxe4 4. Nxe4 Nf6 5. Qe2 Bg4 6. h3 Bh5 7. Ng3 Bg6 8.
Ne5 e6 9. d3 Nbd7 10. Nxd7 Qxd7 11. Bd2 Qd5 12. c4 Qd7 13. Bc3 Bc5 14. Ne4 Bd4
15. O-O-O O-O-O 16. Nxf6 gxf6 17. Bxd4 Qxd4 18. Qe3 Rd7 19. Be2 Rhd8 20. Rhf1
h5 21. Rd2 h4 22. Rfd1 a5 23. Qxd4 Rxd4 24. b3 Kc7 25. Kc2 b5 26. Kc3 Kb6 27.
a3 c5 28. a4 b4+ 29. Kc2 Rf4 30. Bf3 Bf5 31. Rb1 Rfd4 32. Rbd1 Kc7 33. Be4 Rg8
1/2-1/2

[Event "N�-LL 2005/06"]
[Site "?"]
[Date "2005.11.27"]
[Round "6"]
[White "Wadsack, Winfried"]
[Black "Koller, Hubert"]
[Result "1/2-1/2"]
[WhiteElo "2119"]
[BlackElo "2078"]
[Annotator "Amstetten : Ybbs"]
[PlyCount "103"]
[EventDate "2005.09.27"]
[SourceDate "2005.12.01"]

1. e4 d5 2. exd5 Qxd5 3. d4 Nf6 4. Nf3 Bg4 5. Be2 e6 6. h3 Bh5 7. O-O Be7 8.
Nc3 Qd8 9. g4 Bg6 10. Ne5 Nbd7 11. h4 Ne4 12. Nxd7 Qxd7 13. h5 Nxc3 14. bxc3
Be4 15. Bd3 Bc6 16. Re1 h6 17. Qe2 Qd5 18. Be4 Qxe4 19. Qxe4 Bxe4 20. Rxe4
O-O-O 21. Bf4 Bd6 22. Be5 Bxe5 23. Rxe5 Rd5 24. Rxd5 exd5 25. Re1 Kd7 26. Re5
c6 27. Kg2 b5 28. Kg3 f6 29. Re1 Rb8 30. Kf4 b4 31. Rb1 a5 32. cxb4 axb4 33. a4
Kd6 34. Ke3 c5 35. dxc5+ Kxc5 36. Kd3 Ra8 37. Ra1 Ra5 38. Ra2 d4 39. Ra1 Kd5
40. f4 Rc5 41. Rg1 Rc3+ 42. Kd2 Rh3 43. a5 Kc4 44. a6 Ra3 45. g5 fxg5 46. fxg5
Rxa6 47. gxh6 Rxh6 48. Rxg7 Rxh5 49. Rc7+ Rc5 50. Rd7 Rc8 51. Rb7 Rc6 52. Rb8
1/2-1/2

[Event "N�-LL 2005/06"]
[Site "?"]
[Date "2005.11.27"]
[Round "6"]
[White "Winiwarter, Felix"]
[Black "Hangweyrer, Manfred"]
[Result "1/2-1/2"]
[WhiteElo "2119"]
[BlackElo "2327"]
[Annotator "Stockerau : Krems"]
[PlyCount "44"]
[EventDate "2005.09.27"]
[SourceDate "2005.12.02"]

1. d4 d5 2. c4 e6 3. Nc3 Be7 4. e3 Nf6 5. Nf3 O-O 6. Bd3 c5 7. O-O dxc4 8. Bxc4
a6 9. a4 Nc6 10. dxc5 Qxd1 11. Rxd1 Bxc5 12. h3 Bb4 13. Na2 Be7 14. Nc3 Na5 15.
Be2 b6 16. Rb1 Nb3 17. Nd2 Nxd2 18. Bxd2 Bb7 19. Be1 Rac8 20. f3 Rc7 21. Bg3
Rc6 22. Rd3 Rd8 1/2-1/2

[Event "N�-LL 2005/06"]
[Site "?"]
[Date "2005.11.27"]
[Round "6"]
[White "Mayer, Martin"]
[Black "Batyte, Daiva"]
[Result "0-1"]
[WhiteElo "1967"]
[BlackElo "2180"]
[Annotator "Stockerau : Krems"]
[PlyCount "116"]
[EventDate "2005.09.27"]
[SourceDate "2005.12.02"]

1. e4 b6 2. d4 Bb7 3. Bd3 Nf6 4. f3 e6 5. Be3 c5 6. c3 Nc6 7. Ne2 cxd4 8. Nxd4
Ne5 9. Be2 Be7 10. Nd2 O-O 11. O-O d5 12. f4 Nc4 13. Nxc4 dxc4 14. Bxc4 Bxe4
15. Qe2 Qc7 16. Rad1 a5 17. a4 Qb7 18. Bd3 Rfd8 19. Bxe4 Qxe4 20. Qf3 Rac8 21.
Qxe4 Nxe4 22. Nb3 h5 23. Rd4 Nxc3 24. Rxd8+ Bxd8 25. bxc3 Rxc3 26. Rd1 Bc7 27.
Nxa5 Rxe3 28. Rd7 Bxf4 29. Nc4 Re4 30. Nd6 Rxa4 31. Rd8+ Kh7 32. Nxf7 Ra1+ 33.
Kf2 Bxh2 34. Ng5+ Kg6 35. Nxe6 Ra5 36. Rd3 Ra2+ 37. Kf3 Kf6 38. Nf8 Kf5 39. Nd7
Bc7 40. Rb3 g5 41. Rb5+ Kg6 42. Nf8+ Kh6 43. Ne6 g4+ 44. Ke3 Bg3 45. Ke4 Ra6
46. Nd4 Bf2 47. Nf5+ Kh7 48. Kf4 Bc5 49. Kg5 Ra5 50. Rb1 Be7+ 51. Kf4 Bd8 52.
Rd1 Bf6 53. Rb1 Kg6 54. Nd6 Be5+ 55. Ke4 Bxd6 56. Rxb6 Re5+ 57. Kd4 Re6 58. Kd5
Kf5 0-1

[Event "N�-LL 2005/06"]
[Site "?"]
[Date "2005.11.27"]
[Round "6"]
[White "Schmid, Thomas"]
[Black "Walter, Martin"]
[Result "1-0"]
[WhiteElo "2085"]
[BlackElo "1997"]
[Annotator "Stockerau : Krems"]
[PlyCount "79"]
[EventDate "2005.09.27"]
[SourceDate "2005.12.02"]

1. e4 c5 2. Nf3 Nc6 3. Bb5 d6 4. O-O Bd7 5. Re1 g6 6. c3 Bg7 7. h3 Nf6 8. d4
cxd4 9. cxd4 O-O 10. Nc3 a6 11. Bf1 Rc8 12. Bg5 h6 13. Be3 e6 14. d5 Ne5 15.
Nxe5 dxe5 16. Qb3 b5 17. Red1 Qa5 18. a3 Rfd8 19. Rac1 Bf8 20. Qa2 b4 21. axb4
Qxa2 22. Nxa2 Nxe4 23. Bxa6 Rxc1 24. Nxc1 exd5 25. Rxd5 Nf6 26. Rd1 Bxb4 27.
Bxh6 Ra8 28. Be2 Bf5 29. Nd3 Bxd3 30. Bxd3 Ra2 31. Bc1 Ra1 32. Bc2 Bc5 33. Kf1
Nh5 34. g3 f5 35. Ke2 Bd4 36. Bb3+ Kh7 37. Bc4 f4 38. g4 f3+ 39. Kxf3 Bxb2 40.
Rd7+ 1-0

[Event "N�-LL 2005/06"]
[Site "?"]
[Date "2005.12.04"]
[Round "7"]
[White "Knoll, Hermann"]
[Black "W�ber, Friedrich"]
[Result "1-0"]
[WhiteElo "2344"]
[BlackElo "2155"]
[Annotator "P�chlarn : Krems"]
[PlyCount "79"]
[EventDate "2005.09.27"]
[SourceDate "2005.12.07"]

1. d4 Nf6 2. Nf3 g6 3. c4 Bg7 4. Nc3 O-O 5. e4 d6 6. Be2 e5 7. d5 a5 8. Bg5 h6
9. Bh4 Na6 10. Nd2 Qe8 11. O-O Nh7 12. a3 Bd7 13. b3 f5 14. exf5 gxf5 15. Bh5
Qc8 16. Be7 Re8 17. Bxe8 Qxe8 18. Bh4 e4 19. Rc1 Nc5 20. Kh1 Qg6 21. f4 Nf6 22.
Bxf6 Qxf6 23. Qe2 Re8 24. Qe3 Nd3 25. Rc2 Qd4 26. Qxd4 Bxd4 27. Ndb1 Nc5 28. b4
axb4 29. axb4 Nd3 30. b5 Ra8 31. g3 Be8 32. h3 Ra1 33. Ne2 Bc5 34. Nd2 Ra3 35.
Kg2 Bh5 36. g4 fxg4 37. hxg4 Bxg4 38. Nxe4 Bh3+ 39. Kxh3 Ne1+ 40. Rc3 1-0

[Event "N�-LL 2005/06"]
[Site "?"]
[Date "2005.12.04"]
[Round "7"]
[White "Winiwarter, Felix"]
[Black "Weiss, Christian"]
[Result "0-1"]
[WhiteElo "2119"]
[BlackElo "2397"]
[Annotator "P�chlarn : Krems"]
[PlyCount "63"]
[EventDate "2005.09.27"]
[SourceDate "2005.12.07"]

1. e4 e6 2. d4 d5 3. e5 b6 4. c3 Qd7 5. Nf3 Ne7 6. Bd3 Ba6 7. O-O Bxd3 8. Qxd3
c5 9. Na3 Nbc6 10. Nc2 Ng6 11. Re1 Be7 12. Bg5 Rc8 13. Bxe7 Ncxe7 14. g3 Nf5
15. Ne3 Nge7 16. Nxf5 Nxf5 17. h4 h5 18. dxc5 bxc5 19. Rad1 Qb7 20. Ng5 O-O 21.
f3 Qb6 22. Qc2 c4+ 23. Kh2 Rb8 24. Rd2 g6 25. Qc1 Rfd8 26. Kh3 Rd7 27. g4 Ne7
28. Rg2 Rf8 29. Qf4 Qc7 30. gxh5 f6 31. hxg6 fxg5 32. Qxg5 {
Rest nicht lesbar , 0:1 im 41.Zug} 0-1

[Event "N�-LL 2005/06"]
[Site "?"]
[Date "2005.12.04"]
[Round "7"]
[White "Weinzettl, Ernst"]
[Black "Steinhauer, Johann"]
[Result "1-0"]
[WhiteElo "2325"]
[BlackElo "1969"]
[Annotator "P�chlarn : Krems"]
[PlyCount "59"]
[EventDate "2005.09.27"]
[SourceDate "2005.12.07"]

1. e4 e5 2. Nf3 Nc6 3. Bb5 f5 4. d3 fxe4 5. dxe4 Nf6 6. Qe2 Bb4+ 7. c3 Be7 8.
Bxc6 bxc6 9. Nxe5 d6 10. Nxc6 Qd7 11. Nxe7 Qxe7 12. f3 O-O 13. Bg5 a5 14. c4
Qe5 15. Bxf6 Rxf6 16. Nc3 c6 17. O-O Be6 18. Rad1 Raf8 19. Qd3 Qc5+ 20. Qd4 Qh5
21. Rf2 Rh6 22. Qxd6 Bxc4 23. Qc7 Qc5 24. Na4 Qe3 25. Qxa5 Bxa2 26. Qc3 Qf4 27.
g3 Qc7 28. b3 Qa7 29. Qc4+ Kh8 30. Qc5 1-0

[Event "N�-LL 2005/06"]
[Site "?"]
[Date "2005.12.04"]
[Round "7"]
[White "Mayer, Martin"]
[Black "Steinm�ller, G�nther"]
[Result "1/2-1/2"]
[WhiteElo "1967"]
[BlackElo "2047"]
[Annotator "P�chlarn : Krems"]
[PlyCount "86"]
[EventDate "2005.09.27"]
[SourceDate "2005.12.07"]

1. Nf3 Nf6 2. d4 e6 3. Bg5 c5 4. e3 Nc6 5. c3 d5 6. Nbd2 cxd4 7. exd4 Be7 8.
Bd3 h6 9. Bh4 Bd7 10. O-O Nh5 11. Bxe7 Qxe7 12. Re1 Nf4 13. Bf1 O-O 14. g3 Ng6
15. Bg2 Rfd8 16. Nb3 b6 17. Ne5 Ngxe5 18. dxe5 Rac8 19. Qd2 Be8 20. Nd4 Nxd4
21. cxd4 a5 22. Bf1 Rc7 23. Rec1 Rdc8 24. a3 Ba4 25. Bd3 Rc6 26. Rxc6 Rxc6 27.
Rc1 Qc7 28. Rxc6 Qxc6 29. Qc3 g5 30. Qxc6 Bxc6 31. f4 gxf4 32. gxf4 f6 33. Kf2
Kf7 34. Ke3 Ba4 35. Kd2 Bd7 36. Kc3 b5 37. b4 a4 38. Kd2 f5 39. Be2 Ke7 40. Ke3
Be8 41. Kf2 Kf8 42. Kg3 Kg7 43. Kh4 Kh7 1/2-1/2

[Event "N�-LL 2005/06"]
[Site "?"]
[Date "2005.12.04"]
[Round "7"]
[White "Rumpl, Erwin"]
[Black "Sulyok, Michael"]
[Result "1-0"]
[WhiteElo "2290"]
[BlackElo "2164"]
[Annotator "Baden : Amstetten"]
[PlyCount "65"]
[EventDate "2005.09.27"]
[SourceDate "2005.12.07"]

1. e4 g6 2. d4 Bg7 3. Nc3 d6 4. f4 a6 5. Nf3 b5 6. Bd3 Nd7 7. e5 c5 8. Be4 Rb8
9. dxc5 Nxc5 10. Bc6+ Bd7 11. Bxd7+ Qxd7 12. Qe2 b4 13. Ne4 Nxe4 14. Qxe4 Nh6
15. a3 b3 16. cxb3 O-O 17. b4 dxe5 18. fxe5 Ng4 19. h3 Nxe5 20. Nxe5 Qe6 21.
Bf4 Rb5 22. O-O Bxe5 23. Rae1 Qb6+ 24. Be3 Qb8 25. Bc5 Bxb2 26. Qxe7 Bg7 27.
Qd7 Rb7 28. Qd3 Rd8 29. Qxa6 Rbd7 30. Be7 Rc8 31. Rxf7 Qa7+ 32. Qxa7 Rxa7 33.
Rf3 1-0

[Event "N�-LL 2005/06"]
[Site "?"]
[Date "2005.12.04"]
[Round "7"]
[White "Rudolf, Herbert"]
[Black "Wadsack, Wolfgang"]
[Result "0-1"]
[WhiteElo "2175"]
[BlackElo "2219"]
[Annotator "Baden : Amstetten"]
[PlyCount "80"]
[EventDate "2005.09.27"]
[SourceDate "2005.12.07"]

1. e4 d5 2. exd5 Nf6 3. d4 Nxd5 4. Nf3 Bg4 5. c4 Nb6 6. Be2 Nc6 7. O-O e6 8.
Nc3 Bxf3 9. Bxf3 Nxc4 10. Bxc6+ bxc6 11. Qa4 Nb6 12. Qxc6+ Qd7 13. Qxd7+ Kxd7
14. Bf4 Bd6 15. Bxd6 cxd6 16. Rac1 Rhc8 17. b3 Rc6 18. Ne2 Rac8 19. f3 Rc2 20.
Rxc2 Rxc2 21. Rf2 Rxa2 22. Nc3 Ra1+ 23. Rf1 Ra3 24. Rb1 Nd5 25. Nxd5 exd5 26.
Kf2 Kc6 27. g4 a5 28. h4 Kb5 29. Rc1 Rxb3 30. Rc7 a4 31. Rxf7 Ka6 32. Rf8 Rb7
33. Rc8 Ka5 34. Ra8+ Kb4 35. f4 Kb3 36. f5 a3 37. Kf3 Kb2 38. Kf4 a2 39. g5
a1=Q 40. Rxa1 Kxa1 0-1

[Event "N�-LL 2005/06"]
[Site "?"]
[Date "2005.12.04"]
[Round "7"]
[White "Gugler, Edgar"]
[Black "Eidenberger, Otto"]
[Result "1-0"]
[WhiteElo "2166"]
[BlackElo "2007"]
[Annotator "Baden : Amstetten"]
[PlyCount "45"]
[EventDate "2005.09.27"]
[SourceDate "2005.12.07"]

1. d4 Nf6 2. Nf3 e6 3. e3 c5 4. Bd3 d5 5. O-O Nc6 6. c3 Bd6 7. Nbd2 O-O 8. Qe2
e5 9. dxc5 Bxc5 10. e4 d4 11. Nb3 Bb6 12. cxd4 exd4 13. e5 Re8 14. h3 h6 15.
Re1 a6 16. Bxh6 gxh6 17. Qd2 Nh7 18. Qxh6 Nf8 19. Ng5 Be6 20. Nh7 Nxh7 21.
Bxh7+ Kh8 22. Re4 Qe7 23. Bf5+ 1-0

[Event "N�-LL 2005/06"]
[Site "?"]
[Date "2005.12.04"]
[Round "7"]
[White "Herndlbauer, Martin"]
[Black "Wadsack, Winfried"]
[Result "1-0"]
[WhiteElo "2044"]
[BlackElo "2119"]
[Annotator "Baden : Amstetten"]
[PlyCount "71"]
[EventDate "2005.09.27"]
[SourceDate "2005.12.07"]

1. e4 d5 2. exd5 Nf6 3. c4 c6 4. d4 cxd5 5. Nc3 Nc6 6. Nf3 Bg4 7. cxd5 Nxd5 8.
Qb3 Bxf3 9. gxf3 Nb6 10. d5 Nd4 11. Bb5+ Nxb5 12. Qxb5+ Qd7 13. Be3 Qxb5 14.
Nxb5 Kd7 15. Bxb6 axb6 16. O-O Ra5 17. a4 g6 18. Rfc1 Kd8 19. Rc4 Bg7 20. Rac1
Ra8 21. b3 Rb8 22. f4 Bh6 23. Kg2 Re8 24. R1c2 e6 25. d6 e5 26. Nc7 Bxf4 27.
Nxe8 Kxe8 28. Rc8+ Rxc8 29. Rxc8+ Kd7 30. Rc7+ Kxd6 31. Rxf7 h5 32. Rf6+ Kc5
33. Rxg6 Bd2 34. Kf3 Bc3 35. Ke4 h4 36. Re6 1-0

[Event "N�-LL 2005/06"]
[Site "?"]
[Date "2005.12.04"]
[Round "7"]
[White "Trkulja, Zoran"]
[Black "Szakolczai, Peter"]
[Result "1-0"]
[WhiteElo "2226"]
[BlackElo "2278"]
[Annotator "Ybbs : Korneuburg"]
[PlyCount "57"]
[EventDate "2005.09.27"]
[SourceDate "2005.12.07"]

1. e4 c5 2. Nf3 e6 3. d4 cxd4 4. Nxd4 a6 5. f4 b5 6. Bd3 Bc5 7. Nb3 Ba7 8. Qe2
Qb6 9. Nc3 d6 10. a4 b4 11. Nd1 Nf6 12. Be3 Qc7 13. O-O Nbd7 14. Bxa7 Qxa7+ 15.
Kh1 h5 16. Nf2 h4 17. Nd2 Bb7 18. e5 Nh5 19. Nde4 Kf8 20. Nh3 dxe5 21. fxe5 Kg8
22. Neg5 Qd4 23. Nxf7 Ng3+ 24. hxg3 hxg3 25. Nxh8 Qh4 26. Rf3 Kxh8 27. Qe3 Nxe5
28. Rxg3 Nxd3 29. cxd3 1-0

[Event "N�-LL 2005/06"]
[Site "?"]
[Date "2005.12.04"]
[Round "7"]
[White "Kranzl, Peter"]
[Black "Hirsch, Andreas"]
[Result "1-0"]
[WhiteElo "2218"]
[BlackElo "2003"]
[Annotator "Ybbs : Korneuburg"]
[PlyCount "85"]
[EventDate "2005.09.27"]
[SourceDate "2005.12.08"]

1. e4 d6 2. d4 Nf6 3. Nc3 g6 4. f4 Bg7 5. Nf3 c5 6. Bb5+ Bd7 7. e5 Ng4 8. e6
Bxb5 9. exf7+ Kd7 10. Nxb5 Qa5+ 11. Nc3 cxd4 12. Nxd4 Bxd4 13. Qxd4 Nc6 14. Qd1
h5 15. h3 Nh6 16. O-O Raf8 17. Kh2 Rxf7 18. Ne4 Qb5 19. b3 Rf5 20. c4 Qb6 21.
c5 Qb4 22. Qd3 Rxc5 23. Nxc5+ Qxc5 24. Be3 Qf5 25. Rad1 Qxd3 26. Rxd3 Nf5 27.
Bf2 Rc8 28. a3 b6 29. g4 hxg4 30. hxg4 Ng7 31. Kg3 Ne6 32. b4 Ncd8 33. Rh1 Rc2
34. Be3 Nc6 35. Rc1 Ra2 36. Rdc3 Ncd4 37. Bxd4 Nxd4 38. Kh4 Ne2 39. Rc7+ Ke6
40. Re1 Kf6 41. Rxa7 Nxf4 42. Rexe7 Rh2+ 43. Kg3 1-0